01625nam a2200433 i 450000100060000000300080000600500170001400600190003100700150005000800410006502000360010602000180014203500220016004000310018205000200021308000080023308000080024108200120024924500510026126400760031230000410038833600310042933700330046033800430049349000650053650400420060158800680064359001620071160000310087365000270090465000250093165000130095665500250096970000190099479700180101383000660103185600770109799900170117432360FlNmELB20241216220732.0m o d | cr cnu||||||||190320s2016 ck ob 000 0 spa d a9789587600544q(electronic bk.) z9789587600537 a(OCoLC)1128405404 aFINmELBbspaerdacFINmELB 4aHX806bU91 2016 a329 a1680 a19322300aUtopía :b500 años /ceditor Pablo Guerra. 1aBogotá :bFondo Editorial Universidad Cooperativa de Colombia,c2016. a1 recurso en línea (472 páginas) atextobtxt2rdacontent/spa acomputadorabc2rdamedia/spa arecurso en líneabcr2rdacarrier/spa1 aColección investigación en Economía social y solidaria aIncluye referencias bibliográficas. aDescripción basada en el editor de metadatos y otras fuentes. aRecurso electrónico. Santa Fe, Arg.: elibro, 2019. Disponible vía World Wide Web. El acceso puede estar limitado para las bibliotecas afiliadas a elibro.14aMoro, Tomás,d1478-1535. 4aFilosofíaxHistoria. 0aPhilosophyxHistory. 0aUtopias. 4aLibros electronicos.1 aGuerra, Pablo.2 aelibro, Corp. 0aColección investigación en Economía social y solidaria.40uhttps://elibro.net/ereader/politecnicointernacional/85303zClick to View c32360d32360